MARC

Tag First Indicator Second Indicator Subfields
LEADER 00000cam a2200000 a 4500
001 in00002787636
005 20211120170404.0
006 m d f
007 cr bn|||||||||
008 121101s1989 gaua ob f000 0 eng c
035 |a (OCoLC)ocn815645102 
040 |a GPO  |c GPO  |d MvI  |d UtOrBLW 
042 |a pcc 
049 |a WWW 
074 |a 0504-R-04 (online) 
086 0 |a HE 20.518:D 54/7 
245 0 0 |a Toxicological profile for 1,2-dichloropropane. 
246 3 0 |a 1,2-dichloropropane 
264 1 |a Atlanta, GA :  |b U.S. Dept. of Health and Human Services, Public Health Service, Agency for Toxic Substances Disease Registry ;  |a [Washington, D.C.] :  |b U.S. Environmental Protection Agency,  |c [1989] 
300 |a 1 online resource (131 unnumbered pages) :  |b illustrations 
336 |a text  |b txt  |2 rdacontent 
337 |a computer  |b c  |2 rdamedia 
338 |a online resource  |b cr  |2 rdacarrier 
500 |a Title from title screen (viewed on Nov. 1, 2012). 
500 |a "December 1989." 
504 |a Includes bibliographical references (pages 101-114). 
500 |a Electronic resource. 
650 0 |a Dichloropropane  |x Health aspects. 
650 0 |a Dichloropropane  |x Environmental aspects. 
650 0 |a Dichloropropane  |x Toxicology. 
710 1 |a United States.  |b Environmental Protection Agency. 
710 1 |a United States.  |b Agency for Toxic Substances and Disease Registry. 
856 4 0 |u https://purl.fdlp.gov/GPO/gpo30746  |t 0 
999 |a MARS 
999 f f |s d68d462e-dab2-39f8-9f2e-7f2ad65b53d2  |i 13427c05-9a8f-36b8-a292-7b4758ba78bd  |t 0 
952 f f |a Texas A&M University  |b College Station  |c Electronic Resources  |d Available Online  |t 0  |e HE 20.518:D 54/7  |h Superintendent of Documents classification 
998 f f |a HE 20.518:D 54/7  |t 0  |l Available Online